[Event "Penang Mini op1st"]
[Site "Penang"]
[Date "2018.06.15"]
[Round "5"]
[White "Ang, Jing Xuan"]
[Black "Aris, TLS"]
[Result "0-1"]
[WhiteElo "1801"]
[BlackElo "2159"]
[PlyCount "94"]
[EventDate "2018.06.13"]
[EventType "swiss"]
[EventRounds "9"]
[EventCountry "MAS"]
[SourceTitle "CBM 184 Extra"]
[Source "ChessBase"]
[SourceDate "2018.06.28"]
[SourceVersion "1"]
[SourceVersionDate "2018.06.28"]
[SourceQuality "1"]

1. e4 d5 2. exd5 Nf6 3. d4 Nxd5 4. Nf3 g6 5. c4 Nb6 6. h3 Bg7 7. Nc3 0-0 8. Be2 Nc6 9. Be3 h6 10. Qd2 Kh7 11. 0-0 e5 12. d5 Ne7 13. Rfd1 Nf5 14. Bc5 Re8 15. Ne4 Nd6 16. Bxd6 cxd6 17. b4 f5 18. Nc3 Nd7 19. Nb5 Nf6 20. Nc3 b6 21. a4 a5 22. bxa5 Rxa5 23. Rab1 Nd7 24. Qb2 Ba6 25. Qb4 Qc7 26. Nd2 e4 27. Rdc1 e3 28. Nb3 exf2+ 29. Kf1 Rc5 30. Nb5 Bxb5 31. axb5 Nf6 32. Bf3 Ne4 33. Bxe4 Rxe4 34. Nd2 Re8 35. Nb3 Re4 36. Nd2 Rf4 37. g3 Rd4 38. Kxf2 f4 39. g4 Qe7 40. Rb3 Rcxd5 41. Nf3 Re4 42. Rc2 Rc5 43. Rd3 Re3 44. Qd2 Qe4 45. Rxd6 Qxf3+ 46. Kg1 Qg3+ 47. Qg2 Re1# 0-1

[Event "Penang Mini op1st"]
[Site "Penang"]
[Date "2018.06.15"]
[Round "4"]
[White "Aris, TLS"]
[Black "Nguyen, Van Hai"]
[Result "0-1"]
[WhiteElo "2159"]
[BlackElo "2361"]
[PlyCount "118"]
[EventDate "2018.06.13"]
[EventType "swiss"]
[EventRounds "9"]
[EventCountry "MAS"]
[SourceTitle "CBM 184 Extra"]
[Source "ChessBase"]
[SourceDate "2018.06.28"]
[SourceVersion "1"]
[SourceVersionDate "2018.06.28"]
[SourceQuality "1"]

1. d4 Nf6 2. c4 g6 3. Nc3 d5 4. Bg5 Ne4 5. Bf4 Nxc3 6. bxc3 Bg7 7. e3 0-0 8. Nf3 c5 9. cxd5 Qxd5 10. Be2 cxd4 11. cxd4 Nc6 12. 0-0 Bf5 13. Qa4 Qa5 14. Qb3 Qb4 15. Rac1 Qxb3 16. axb3 Rac8 17. h3 Nb4 18. Rc4 Nd5 19. Rfc1 Nxf4 20. exf4 Bh6 21. Ra1 Bxf4 22. Rxa7 Ra8 23. Rxa8 Rxa8 24. Ra4 Rc8 25. Rc4 Ra8 26. Ra4 Rxa4 27. bxa4 Bc7 28. Bc4 Bc2 29. Bd5 b6 30. Bc6 Kf8 31. Kf1 e6 32. Ke2 Ke7 33. Ke3 Kd6 34. Bb5 f6 35. Nd2 g5 36. g3 h6 37. f4 Ke7 38. Ne4 Bb3 39. Bc6 Kf7 40. Nd2 Ba2 41. Be4 Bd6 42. h4 gxf4+ 43. gxf4 Ba3 44. f5 Bc1 45. Ke2 e5 46. Nf3 Bf4 47. Bc6 Bb1 48. Bd7 Ke7 49. Be6 Bc2 50. h5 Bxa4 51. Nh4 Kd6 52. Ng6 b5 53. dxe5+ Bxe5 54. Nh8 Bf4 55. Kd3 Bd1 56. Bf7 b4 57. Bg6 b3 58. Nf7+ Ke7 59. Kc3 Bc1 0-1

[Event "Penang Mini op1st"]
[Site "Penang"]
[Date "2018.06.13"]
[Round "1"]
[White "Aris, TLS"]
[Black "Ding, Dao En"]
[Result "1-0"]
[WhiteElo "2159"]
[BlackElo "1494"]
[PlyCount "139"]
[EventDate "2018.06.13"]
[EventType "swiss"]
[EventRounds "9"]
[EventCountry "MAS"]
[SourceTitle "CBM 184 Extra"]
[Source "ChessBase"]
[SourceDate "2018.06.28"]
[SourceVersion "1"]
[SourceVersionDate "2018.06.28"]
[SourceQuality "1"]

1. d4 Nf6 2. Nf3 e6 3. Bg5 c5 4. e3 Nc6 5. c3 Be7 6. Nbd2 0-0 7. Be2 b6 8. a4 d5 9. h3 Bb7 10. 0-0 h6 11. Bh4 Ne4 12. Bxe7 Nxe7 13. Nxe4 dxe4 14. Nd2 Nd5 15. a5 cxd4 16. cxd4 Nf6 17. Nc4 b5 18. Ne5 a6 19. Qd2 Nd7 20. Ng4 h5 21. Nh2 Nf6 22. Rfc1 Qd7 23. Rc5 Rac8 24. Rac1 Rxc5 25. Rxc5 Rc8 26. b4 Rxc5 27. bxc5 g6 28. Nf1 Qd5 29. Qb2 Nd7 30. f4 Nb8 31. Bd1 Nc6 32. Bb3 Qd8 33. Qa2 Nxa5 34. Bxe6 fxe6 35. Qxe6+ Kh7 36. Qf7+ Kh6 37. f5 gxf5 38. Qe6+ Kg7 39. Ng3 Qf8 40. Nxh5+ Kh7 41. Nf6+ Kg7 42. Ne8+ Kh8 43. Qe5+ Kg8 44. Nf6+ Kf7 45. Qxf5 Ke7 46. Qe5+ Kd8 47. Qe6 Qe7 48. Qg8+ Kc7 49. Ne8+ Kd7 50. Nd6 Kc6 51. Qg6 Kd7 52. Nxb7 Nxb7 53. c6+ Kc7 54. cxb7 Kxb7 55. d5 b4 56. Qc6+ Ka7 57. d6 Qb7 58. Qc4 b3 59. Qd4+ Qb6 60. d7 Qxd4 61. exd4 b2 62. d8Q b1Q+ 63. Kh2 Qb8+ 64. Qxb8+ Kxb8 65. h4 a5 66. h5 a4 67. h6 a3 68. h7 a2 69. h8Q+ Kc7 70. Qa8 1-0

[Event "Mare di Fano op 5th"]
[Site "Fano"]
[Date "2016.07.30"]
[Round "1"]
[White "Aris, TLS"]
[Black "Getz, Nicolai"]
[Result "0-1"]
[WhiteElo "2162"]
[BlackElo "2461"]
[PlyCount "96"]
[EventDate "2016.07.30"]
[EventType "swiss"]
[EventRounds "9"]
[EventCountry "ITA"]
[SourceTitle "CBM 173 Extra"]
[Source "ChessBase"]
[SourceDate "2016.08.29"]
[SourceVersion "1"]
[SourceVersionDate "2016.08.29"]
[SourceQuality "1"]

1. d4 Nf6 2. c4 e6 3. Nc3 Bb4 4. Qb3 c5 5. Nf3 Nc6 6. e3 0-0 7. Bd3 d5 8. a3 Na5 9. Qa2 Bxc3+ 10. bxc3 dxc4 11. Bxc4 Qc7 12. Bd3 b6 13. 0-0 Bb7 14. Ne5 Rac8 15. h3 c4 16. Bc2 Ne4 17. Qb2 f6 18. Ng4 Nb3 19. Bxb3 cxb3 20. Qxb3 Bd5 21. Qc2 h5 22. Nh2 Qxc3 23. Qxc3 Rxc3 24. f3 Ng3 25. Re1 Rfc8 26. Bd2 Rc2 27. Red1 Ne2+ 28. Kh1 Nc3 29. Bxc3 R8xc3 30. e4 Bc4 31. Nf1 Bxf1 32. Rxf1 Rd2 33. Rfc1 Rxc1+ 34. Rxc1 Rxd4 35. Rc8+ Kh7 36. Rc7 Ra4 37. Rc3 h4 38. Kg1 Kg6 39. Kf2 e5 40. g3 Kg5 41. Rc7 hxg3+ 42. Kxg3 Rxa3 43. h4+ Kh6 44. Kg4 a5 45. Rc8 Kh7 46. h5 a4 47. f4 exf4 48. Kf5 f3 0-1